<?xml version="1.0" encoding="UTF-8"?>
<record
    xmlns:xsi="http://www.w3.org/2001/XMLSchema-instance"
    xsi:schemaLocation="http://www.loc.gov/MARC21/slim http://www.loc.gov/standards/marcxml/schema/MARC21slim.xsd"
    xmlns="http://www.loc.gov/MARC21/slim">

  <leader>00779nam a2200229Ia 4500</leader>
  <controlfield tag="005">20220616133215.0</controlfield>
  <controlfield tag="008">210716s2004    xx            000 0 und d</controlfield>
  <datafield tag="020" ind1=" " ind2=" ">
    <subfield code="a">0070584001</subfield>
  </datafield>
  <datafield tag="040" ind1=" " ind2=" ">
    <subfield code="c">AIMIT LIBRARY</subfield>
  </datafield>
  <datafield tag="041" ind1=" " ind2=" ">
    <subfield code="a">eng</subfield>
  </datafield>
  <datafield tag="082" ind1=" " ind2=" ">
    <subfield code="a">003 </subfield>
    <subfield code="2">2</subfield>
    <subfield code="b">BROR</subfield>
  </datafield>
  <datafield tag="100" ind1=" " ind2=" ">
    <subfield code="a">Bronson, Richard.</subfield>
    <subfield code="9">43382</subfield>
  </datafield>
  <datafield tag="245" ind1=" " ind2=" ">
    <subfield code="a">Schaums outline of theory and problems of operations research /</subfield>
    <subfield code="c">By Richard Bronson and Govindasami, Naadimuthu.</subfield>
  </datafield>
  <datafield tag="250" ind1=" " ind2=" ">
    <subfield code="a">2nd ed.</subfield>
  </datafield>
  <datafield tag="260" ind1=" " ind2=" ">
    <subfield code="a">New Delhi :</subfield>
    <subfield code="b">Tata McGraw Hill Publishing Company Ltd ,</subfield>
    <subfield code="c">2004.</subfield>
  </datafield>
  <datafield tag="300" ind1=" " ind2=" ">
    <subfield code="a">vii, 456p, ;</subfield>
    <subfield code="b">PB</subfield>
    <subfield code="c">27.5cm.</subfield>
  </datafield>
  <datafield tag="650" ind1=" " ind2=" ">
    <subfield code="a">Linear programming extensions</subfield>
    <subfield code="9">43383</subfield>
  </datafield>
  <datafield tag="650" ind1=" " ind2=" ">
    <subfield code="a">Network analysis</subfield>
    <subfield code="9">43384</subfield>
  </datafield>
  <datafield tag="650" ind1=" " ind2=" ">
    <subfield code="a">Queuing systems</subfield>
    <subfield code="9">43385</subfield>
  </datafield>
  <datafield tag="700" ind1=" " ind2=" ">
    <subfield code="a">Naadimuthu, Govindasami.</subfield>
    <subfield code="9">43386</subfield>
  </datafield>
  <datafield tag="942" ind1=" " ind2=" ">
    <subfield code="2">ddc</subfield>
    <subfield code="c">BK</subfield>
    <subfield code="e">2nd</subfield>
    <subfield code="k">003 BROR</subfield>
  </datafield>
  <datafield tag="999" ind1=" " ind2=" ">
    <subfield code="c">197874</subfield>
    <subfield code="d">197874</subfield>
  </datafield>
  <datafield tag="952" ind1=" " ind2=" ">
    <subfield code="0">0</subfield>
    <subfield code="1">0</subfield>
    <subfield code="2">ddc</subfield>
    <subfield code="4">0</subfield>
    <subfield code="7">0</subfield>
    <subfield code="8">MBA</subfield>
    <subfield code="a">AIMIT</subfield>
    <subfield code="b">AIMIT</subfield>
    <subfield code="c">OR</subfield>
    <subfield code="d">2004-06-12</subfield>
    <subfield code="g">195.00</subfield>
    <subfield code="i">Bill no:5956; Bill dt:2004-04-23</subfield>
    <subfield code="l">0</subfield>
    <subfield code="o">003 BROR</subfield>
    <subfield code="p">MBA00439</subfield>
    <subfield code="r">2025-07-21 00:00:00</subfield>
    <subfield code="v">156.00</subfield>
    <subfield code="w">2021-07-16</subfield>
    <subfield code="y">BK</subfield>
  </datafield>
  <datafield tag="952" ind1=" " ind2=" ">
    <subfield code="0">0</subfield>
    <subfield code="1">0</subfield>
    <subfield code="2">ddc</subfield>
    <subfield code="4">0</subfield>
    <subfield code="7">0</subfield>
    <subfield code="8">MBA</subfield>
    <subfield code="a">AIMIT</subfield>
    <subfield code="b">AIMIT</subfield>
    <subfield code="c">OR</subfield>
    <subfield code="d">2004-06-12</subfield>
    <subfield code="g">195.00</subfield>
    <subfield code="i">Bill no:5956; Bill dt:2004-04-23</subfield>
    <subfield code="l">0</subfield>
    <subfield code="o">003 BROR</subfield>
    <subfield code="p">MBA00440</subfield>
    <subfield code="r">2025-07-21 00:00:00</subfield>
    <subfield code="v">156.00</subfield>
    <subfield code="w">2021-07-16</subfield>
    <subfield code="y">BK</subfield>
  </datafield>
  <datafield tag="952" ind1=" " ind2=" ">
    <subfield code="0">0</subfield>
    <subfield code="1">0</subfield>
    <subfield code="2">ddc</subfield>
    <subfield code="4">0</subfield>
    <subfield code="7">0</subfield>
    <subfield code="8">MBA</subfield>
    <subfield code="a">AIMIT</subfield>
    <subfield code="b">AIMIT</subfield>
    <subfield code="c">OR</subfield>
    <subfield code="d">2014-02-06</subfield>
    <subfield code="g">555.00</subfield>
    <subfield code="i">Bill no:1304; Bill dt:2014-02-03</subfield>
    <subfield code="l">0</subfield>
    <subfield code="o">003 BROR</subfield>
    <subfield code="p">MBA11016</subfield>
    <subfield code="r">2025-07-21 00:00:00</subfield>
    <subfield code="v">444.00</subfield>
    <subfield code="w">2021-07-16</subfield>
    <subfield code="y">BK</subfield>
  </datafield>
  <datafield tag="952" ind1=" " ind2=" ">
    <subfield code="0">0</subfield>
    <subfield code="1">0</subfield>
    <subfield code="2">ddc</subfield>
    <subfield code="4">0</subfield>
    <subfield code="7">0</subfield>
    <subfield code="8">MBA</subfield>
    <subfield code="a">AIMIT</subfield>
    <subfield code="b">AIMIT</subfield>
    <subfield code="c">OR</subfield>
    <subfield code="d">2018-03-15</subfield>
    <subfield code="g">750.00</subfield>
    <subfield code="i">Bill no:4594; Bill dt:2015-03-15</subfield>
    <subfield code="l">0</subfield>
    <subfield code="o">003 BROR</subfield>
    <subfield code="p">MBA13113</subfield>
    <subfield code="r">2025-07-21 00:00:00</subfield>
    <subfield code="v">562.50</subfield>
    <subfield code="w">2021-07-16</subfield>
    <subfield code="y">BK</subfield>
  </datafield>
  <datafield tag="952" ind1=" " ind2=" ">
    <subfield code="0">0</subfield>
    <subfield code="1">0</subfield>
    <subfield code="2">ddc</subfield>
    <subfield code="4">0</subfield>
    <subfield code="7">0</subfield>
    <subfield code="8">MBA</subfield>
    <subfield code="a">AIMIT</subfield>
    <subfield code="b">AIMIT</subfield>
    <subfield code="c">OR</subfield>
    <subfield code="d">2018-03-15</subfield>
    <subfield code="g">750.00</subfield>
    <subfield code="i">Bill no:4594; Bill dt:2015-03-15</subfield>
    <subfield code="l">0</subfield>
    <subfield code="o">003 BROR</subfield>
    <subfield code="p">MBA13114</subfield>
    <subfield code="r">2025-07-21 00:00:00</subfield>
    <subfield code="v">562.50</subfield>
    <subfield code="w">2021-07-16</subfield>
    <subfield code="y">BK</subfield>
  </datafield>
  <datafield tag="952" ind1=" " ind2=" ">
    <subfield code="0">0</subfield>
    <subfield code="1">0</subfield>
    <subfield code="2">ddc</subfield>
    <subfield code="4">0</subfield>
    <subfield code="7">0</subfield>
    <subfield code="8">MBA</subfield>
    <subfield code="a">AIMIT</subfield>
    <subfield code="b">AIMIT</subfield>
    <subfield code="c">OR</subfield>
    <subfield code="d">2018-03-15</subfield>
    <subfield code="g">750.00</subfield>
    <subfield code="i">Bill no:4594; Bill dt:2015-03-15</subfield>
    <subfield code="l">0</subfield>
    <subfield code="o">003 BROR</subfield>
    <subfield code="p">MBA13115</subfield>
    <subfield code="r">2025-07-21 00:00:00</subfield>
    <subfield code="v">562.50</subfield>
    <subfield code="w">2021-07-16</subfield>
    <subfield code="y">BK</subfield>
  </datafield>
</record>
